| 000 | 01193naa a2200325 c 4500 | ||
|---|---|---|---|
| 100 | 1 |
_935764 _aAtkinson, Anthony B. |
|
| 999 |
_c39204 _d39204 |
||
| 001 | 39204 | ||
| 003 | ES-MaCES | ||
| 005 | 20180209102322.0 | ||
| 008 | 090904n2009 xxkd t 000 | spa d | ||
| 035 | _aCES20090006477v | ||
| 040 |
_aES-MaCES _bspa _cES-MaCES |
||
| 245 | 1 | 0 |
_aOn data _b: a case study of the evolution of income inequality across time and across countries _cA. B. Atkinson and A. Brandolini |
| 650 | 4 |
_adatos estadísticos _930765 |
|
| 650 | 4 |
_ainforme de investigación _929446 |
|
| 650 | 4 |
_aplanificación social _927028 |
|
| 650 | 4 |
_alegislación de seguridad social _929855 |
|
| 650 | 4 |
_adescentralización _927218 |
|
| 650 | 4 |
_agasto público _928076 |
|
| 650 | 4 |
_aintervención estatal _929380 |
|
| 650 | 4 |
_aadministración social _927215 |
|
| 650 | 4 |
_apolítica social _927029 |
|
| 650 | 4 |
_926752 _aUE |
|
| 653 | 1 | 0 | _aAsuntos Sociales |
| 700 | 1 |
_aBrandolini, A. _98257 |
|
| 773 | 0 |
_tCambridge journal of Economics _gvol. 33, no. 3 (May 2009){10225 R. 074530}; p. 381-404 _w(ES-MaCES)25239 _944876 |
|
| 902 | _aART Artículo de revista | ||
| 942 |
_2CES _cAR _h3.3. |
||